|
|
|
|
| LEADER |
00000naa2a2200000 4500 |
| 001 |
145175 |
| 005 |
20231031143955.0 |
| 035 |
|
|
|a (RuTPU)RU\TPU\book\157359
|
| 090 |
|
|
|a 145175
|
| 100 |
|
|
|a 20081014d2005 k y0rusy50 ca
|
| 101 |
0 |
|
|a rus
|
| 102 |
|
|
|a RU
|
| 200 |
1 |
|
|a Об эффективности методов презентации и семантизации лексического материала на средней ступени обучения общеобразовательной школы
|f О. С. Молодых
|
| 320 |
|
|
|a Библиогр.: 10 назв.
|
| 463 |
|
0 |
|0 (RuTPU)RU\TPU\book\118410
|t Научно-методическое обеспечение образовательного процесса в условиях непрерывного обучения
|o труды Всероссийской научно-практической конференции г. Юрга, 2-3 ноября 2005 г.
|f Юргинский технологический институт (филиал); под ред. О. С. Паниной, Л. Г. Чернышовой
|v С. 129-131
|d 2005
|p 198 с.
|
| 610 |
1 |
|
|a презентация
|
| 610 |
1 |
|
|a семантизация
|
| 610 |
1 |
|
|a общеобразовательные школы
|
| 610 |
1 |
|
|a иностранные языки
|
| 610 |
1 |
|
|a обучение
|
| 610 |
1 |
|
|a труды учёных ТПУ
|
| 700 |
|
1 |
|a Молодых
|b О. С.
|
| 801 |
|
1 |
|a RU
|b 63413507
|c 20081014
|g PSBO
|
| 801 |
|
2 |
|a RU
|b 63413507
|c 20081014
|g PSBO
|
| 942 |
|
|
|c BK
|